| 000 | 00978nam2a22002531 4500 | ||
|---|---|---|---|
| 001 | v19\rc\1349009 | ||
| 005 | 20250618074656.0 | ||
| 035 | _a(NLR Aleph) 004494727 | ||
| 090 |
_a4666162 _c4666162 |
||
| 100 | _a20060512d1866 |||y0rusy50 ca | ||
| 101 | 0 | _arus | |
| 102 | _aRU | ||
| 105 | _aa z ||||| | ||
| 200 | 1 | _aСовокупное ученье нескольких батальонов без артиллерии | |
| 210 |
_d1866 _aБ. м. |
||
| 215 | _a2, 28 с., 5 л. ил. | ||
| 461 | 0 |
_1001v19\rc\1349005 _12001#$aВоинский устав о строевой пехотной службе$vЧ. 4 _95498990 _cСанкт-Петербург _d1862-1866 _nВоенная типография _tВоинский устав о строевой пехотной службе _vЧ. 4 |
|
| 801 | 0 |
_aRU _bNLR _gpsbo |
|
| 801 | 0 |
_aRU _bRuMoRGB _2psbo |
|
| 801 | 1 |
_aRU _bProSoft-M _2rusmarc |
|
| 852 |
_aNLR _jDesideratum |
||
| 899 |
_aRuMoRGB _jU 249/31 |
||
| 942 | _cBOOK | ||
| 980 | _aNB | ||